The Common Agricutural Policy (CAP) (Record no. 70243)

MARC details
000 -LEADER
fixed length control field 00954cam a2200241 4500
001 - CONTROL NUMBER
control field ABS65568
008 - FIXED-LENGTH DATA ELEMENTS--GENERAL INFORMATION
fixed length control field 020513n2002 000 0 eng u
035 ## - SYSTEM CONTROL NUMBER
System control number (Sirsi) u117944
100 ## - MAIN ENTRY--PERSONAL NAME
Personal name Berry, B.
245 #4 - TITLE STATEMENT
Title The Common Agricutural Policy (CAP)
260 ## - PUBLICATION, DISTRIBUTION, ETC.
Date of publication, distribution, etc. 2002
490 ## - SERIES STATEMENT
Series statement RICS Rural Professional
Volume/sequential designation 8 April/May 2002, 22-23(2)
520 ## - SUMMARY, ETC.
Summary, etc. Part of a CAP special. Outlines the development of the CAP, the oldest and most controversial European Union policy. The guaranteed price system and export subsidies are discussed as two of the most controversial CAP elements. The CAP is seen as needing urgent modification and the Commission is undertaking currently an interim review.
590 ## - LOCAL NOTE (RLIN)
Local note ABS
650 ## - SUBJECT ADDED ENTRY--TOPICAL TERM
Topical term or geographic name entry element CAP
650 ## - SUBJECT ADDED ENTRY--TOPICAL TERM
Topical term or geographic name entry element COMMON AGRICULTURAL POLICY
650 ## - SUBJECT ADDED ENTRY--TOPICAL TERM
Topical term or geographic name entry element RICS
650 ## - SUBJECT ADDED ENTRY--TOPICAL TERM
Topical term or geographic name entry element EUROPEAN UNION
650 ## - SUBJECT ADDED ENTRY--TOPICAL TERM
Topical term or geographic name entry element EXPORT SUBSIDIES
650 ## - SUBJECT ADDED ENTRY--TOPICAL TERM
Topical term or geographic name entry element GUARANTEED PRICE SYSTEM
690 ## - LOCAL SUBJECT ADDED ENTRY--TOPICAL TERM (OCLC, RLIN)
Topical term or geographic name as entry element RURAL-AGRICULTURE AND FORESTRY
942 ## - ADDED ENTRY ELEMENTS (KOHA)
Suppress in OPAC 0
Holdings
Withdrawn status Lost status Source of classification or shelving scheme Damaged status Not for loan Home library Current library Shelving location Date acquired Total Checkouts Full call number Barcode Date last seen Copy number Price effective from Koha item type
    Dewey Decimal Classification     London London Journal article 13/05/2002   ABS65568 117944-1001 06/08/2019 1 06/08/2019 Journal article